000 00448nam a22001697a 4500
003 OSt
005 20240715114623.0
007 374 pages
008 240715b |||||||| |||| 00| 0 eng d
020 _a9789388991025
040 _aAo enterprises
_c
082 _22
_a658.11
_bDAV
245 _aDo more faster india
_cCohen,David
250 _a2
260 _bWiley
_c2020
942 _2ddc
_cBK
_e2
_h658.11
_iDAV
_k658.11
_mDAV
_n0
999 _c36057
_d36057